00480nam a2200145 a 450000500170000000800410001702000180005805000200007610000210009624500870011725000120020426000480021630000230026465000470028720140412111250.0010416s19uu xx 00 eng d a0-525-45133-1 aM 400bL48 1994 aLeventhal, Debra aWhat is your language? /csongs by Debra Leventhal; pictures by Monica Wellington. a1st Ed. aNew York :bDutton Children's Books,c1994. a1 v. (unp.) ; ill. aLanguage and languages-Juvenile literature